|
|
|
|
| LEADER |
00000nam0a2200000 4500 |
| 001 |
277838 |
| 005 |
20231101235044.0 |
| 010 |
|
|
|a 9785942116941
|
| 035 |
|
|
|a (RuTPU)RU\TPU\book\301115
|
| 090 |
|
|
|a 277838
|
| 100 |
|
|
|a 20141206d2014 m y0rusy50 ca
|
| 101 |
0 |
|
|a rus
|
| 102 |
|
|
|a RU
|
| 105 |
|
|
|a a j 001zy
|
| 200 |
1 |
|
|a Основы теории физических систем. Физика квантовых систем
|e учебное пособие
|f В. М. Цаплев, А. С. Иванов
|g Национальный минерально-сырьевой университет "Горный"
|
| 210 |
|
|
|a Санкт-Петербург
|c Изд-во НМСУ
|d 2014
|
| 215 |
|
|
|a 120 с.
|c ил.
|
| 320 |
|
|
|a Библиогр.: с. 112.
|
| 320 |
|
|
|a Глоссарий: с. 113-117.
|
| 320 |
|
|
|a Предм. указ.: с. 118-119.
|
| 330 |
|
|
|a Учебное пособие содержит теоретический материал по курсу физики, включающий законы теплового излучения, описание квантовой природы света, элементы квантовой механики (понятие о волновой функции, соотношение неопределенностей Гейзенберга, уравнение Шредингера), основы квантовой теории атома и ядерной физики, ядерные реакции, законы радиоактивного распада. Направлено на фо мирование комплекса необходимых компетенций при изучении курса физики, развитие познавательной активности студентов, приобретение навыков самостоятельной работы и использование полученных знаний при решении конкретных задач. Предназначено для студентов специальности 220100 «Системный анализ и управление», а также может быть полезно для студентов технических специальностей с углубленным изучением курса физики.
|
| 606 |
1 |
|
|a Квантовая физика
|2 stltpush
|3 (RuTPU)RU\TPU\subj\42126
|9 61861
|
| 610 |
1 |
|
|a квантовые системы
|
| 610 |
1 |
|
|a тепловое излучение
|
| 610 |
1 |
|
|a квантовая природа
|
| 610 |
1 |
|
|a свет
|
| 610 |
1 |
|
|a квантовая механика
|
| 610 |
1 |
|
|a эффект Комптона
|
| 610 |
1 |
|
|a атомное ядро
|
| 610 |
1 |
|
|a радиоактивные излучения
|
| 610 |
1 |
|
|a внешний фотоэффект
|
| 610 |
1 |
|
|a микрочастицы
|
| 610 |
1 |
|
|a уравнения Шредингера
|
| 610 |
1 |
|
|a туннельный эффект
|
| 610 |
1 |
|
|a гамма-лучи
|
| 610 |
1 |
|
|a ядерные реакции
|
| 610 |
1 |
|
|a неопределенности Гейзенберга
|
| 610 |
1 |
|
|a физические системы
|
| 610 |
1 |
|
|a учебные пособия
|
| 675 |
|
|
|a 530.145.6(075.8)
|v 3
|
| 700 |
|
1 |
|a Цаплев
|b В. М.
|g Валерий Михайлович
|
| 701 |
|
1 |
|a Иванов
|b А. С.
|g Алексей Сергеевич
|
| 712 |
0 |
2 |
|a Национальный минерально-сырьевой университет "Горный"
|c Санкт-Петербург
|2 stltpush
|3 (RuTPU)RU\TPU\col\18181
|
| 801 |
|
1 |
|a RU
|b 63413507
|c 20141206
|
| 801 |
|
2 |
|a RU
|b 63413507
|c 20150831
|g RCR
|
| 900 |
|
|
|a Квантовая физика
|
| 942 |
|
|
|c BK
|